The Egyptian Museum.
محفوظ في:
مؤلف مشترك:
التنسيق: كتاب
اللغة: English
منشور في:
[Cairo] :
Al Akhbar Press,
1969.
الموضوعات:
الوسوم: إضافة وسم
لا توجد وسوم, كن أول من يضع وسما على هذه التسجيلة!
رقم الطلب: DT59 .C263 1969
| LEADER | 00509cam a2200181Ma 4500 | ||
|---|---|---|---|
| 001 | on1001594009 | ||
| 003 | OCoLC | ||
| 005 | 20240222082951.0 | ||
| 008 | 870619s1969 ua a c 000 0 eng d | ||
| 050 | 4 | |a DT59 |b .C263 1969 | |
| 110 | 2 | |a Mathaf al-misri | |
| 245 | 1 | 4 | |a The Egyptian Museum. |
| 264 | 1 | |a [Cairo] : |b Al Akhbar Press, |c 1969. | |
| 300 | |a 85 s. : |b illustrations ; |c 20 cm | ||
| 336 | |a text |b txt |2 rdacontent/swe | ||
| 337 | |a omedierad |b n |2 rdamedia/swe | ||
| 610 | 2 | 4 | |a Mathaf al-Misri |v Catalogs. |
| 999 | |c 57073 |d 57073 | ||
